Ruženec záchrana pre svet

Bibliographic Details
Main Author: Chmielewski, Dominik, 1973- (Author)
Other Authors: Petrík, Pavol, 1973- (Translator)
Format: Book
Language:Slovak
Polish
PhysicalDescription:57 strán 20 cm
Published: [Košice] Zachej.sk 2021
ISBN:9788082113429
Edition:1. vydanie
Subjects:

MARC

LEADER 00000cam a2200000 4500
001 vtls012075437
003 SK-MaSNL
005 20260301104444.0
008 211028s2021 xo gr 000 0 slo
015 |a SNBA2022/05 
020 |a 9788082113429  |q (brožované) 
040 |a SNK  |b slo  |c SNK  |e rda 
041 1 |a slo  |h pol 
044 |a xo  |c SK 
072 7 |a 27-5  |x Liturgia. Kresťanské umenie a symbolika. Duchovný život  |2 konspekt 
080 |a 27-534.35  |2 2011 
080 |a 27  |2 2011 
080 |a 2-184.3  |2 2011 
080 |a (0:82-4)  |2 2011 
100 1 |a Chmielewski, Dominik,  |d 1973-  |4 aut  |9 199335 
240 1 0 |a Różaniec ratunkiem dla świata 
245 1 0 |a Ruženec  |b záchrana pre svet  |c Dominik Chmielewski ; preklad: Pavol Petrík 
250 |a 1. vydanie 
264 1 |a [Košice]  |b Zachej.sk  |c 2021 
300 |a 57 strán  |c 20 cm 
336 |a text  |b txt  |2 rdacontent 
337 |a bez média  |b n  |2 rdamedia 
338 |a zväzok  |b nc  |2 rdacarrier 
500 |a Preložené z poľštiny 
500 |a Miesto vydania podľa údajov NA ISBN 
650 0 7 |a ruženec  |2 SNKPH  |9 1980 
650 0 7 |a Rosary  |2 SNKPHeng  |9 267806 
650 0 7 |a kresťanstvo  |2 SNKPH  |9 2024 
650 0 7 |a Christianity  |2 SNKPHeng  |9 267816 
650 0 7 |a náboženská viera  |2 SNKPH  |9 67877 
650 0 7 |a Religious faith  |2 SNKPHeng  |9 267299 
655 7 |a úvahy  |2 SNKPH  |9 29403 
655 7 |a Essays  |2 SNKPHeng  |9 267540 
700 1 |a Petrík, Pavol,  |d 1973-  |4 trl  |9 215282 
919 |a 978-80-8211-342-9 
954 |a beletria cudzojazyčná (svetová)  |2 lita 
958 |a NT 
958 |a UP 
968 |b POL 
999 |c 698149  |d 700079 
952 |a SNK  |b SNK  |y PREZ  |7 0  |p 17A1467848  |o snkSD 90237  |i snk2021/16747  |8 0  |0 0  |1 0  |4 0  |d 2021-10-28  |f 1  |l 0  |r 2026-02-23 20:48:19  |w 2026-02-23 
952 |a SNK  |b SNK  |y VYP  |7 0  |p 17A1467849  |o snkSD 90237 D1  |i snk2021/16749  |8 0  |0 0  |1 0  |4 0  |d 2021-10-28  |l 0  |r 2026-02-23 20:48:19  |w 2026-02-23